| 000 | 00490nam a22001217a 4500 | ||
|---|---|---|---|
| 040 | _cRUA | ||
| 082 | _aRUA NGO 2014 C108 Or. | ||
| 100 | _aNGO BUNTHAN, MEN SAROM. | ||
| 245 | _aProceedings of Agriculture and Rural Development (Sharing Together to improve Agricultural Productivities and Rural livelihood), October 31,2014 Royal Universithy Of Agriculture, Phnom Penh , Cambodia | ||
| 260 |
_aPHNOM PENH _bRUA _c2014 |
||
| 300 |
_axiv,183p. _bill. _c29cm. |
||
| 942 | _cសៀវភៅគោល | ||
| 999 |
_c25462 _d25462 |
||